000 01077cas a22002295a 4500
001 L143569
008 080520c2003 xxkar wssss 0 a0eng u
035 _a(Sirsi) u143569
041 0 _aeng
050 _a333.33 $2 18
110 2 _aBall, Michael
245 0 0 _aEuropean housing review 2008
_h[electronic resource]
260 _aLondon
_bRICS
_c2008
490 0 _aRICS European Housing Review
520 _aLooks at the performance of European housing markets, analysing trends across the continent in areas such as inflation, building activity, mortgage markets and turnover. Reports on key trends and comments on the driving forces which may have led to these. The publication is also published in Dutch, French, German, Italian and Spanish.
554 _aAnnual
650 2 4 _aRICS EUROPEAN HOUSING REVIEW
651 4 _aEurope
690 _aPROPERTY-RESIDENTIAL PROPERTY-RESIDENTIAL PROPERTY MARKET
856 4 0 _uhttps://www.rics.org/site/download_feed.aspx?fileID=1318&fileExtension=PDF
_zView the report free of charge on the www.rics.org website.
942 _n0
999 _c119184
_d119184